Estadísticas para Países más bajos del mundo

Haz click aquí para intentar la prueba.

Estadísticas generales

  • Esta prueba ha sido intentada 23 veces
  • La puntuación promedio es 5 de 10

Estadísticas de respuestas

Punto más altoPaís% Correcto
71 mNauru
70%
10 mIslas Marshall
61%
81 mKiribati
61%
5 mTuvalu
61%
5 mMaldivas
57%
122 mBarein
48%
63 mBahamas
39%
103 mCatar
39%
75 mCiudad del Vaticano
35%
53 mGambia
17%

Distribución de puntuación

Porcentaje por número respondido

Porcentaje de gente con cada puntuación

Historial de tus puntuaciones

No has intentado esta prueba.